Basic pulse circuits

The topics coverred are mainly those which comprise the subject matter taught in the senior term of the electronic technician course at RCA Intitutes.

Sparad:
Bibliografiska uppgifter
Huvudupphovsman: Blitzer, Richard
Materialtyp: Bok
Språk:Undetermined
Publicerad: New York McGraw-Hill 1964
Ämnen:
Taggar: Lägg till en tagg
Inga taggar, Lägg till första taggen!
Thư viện lưu trữ: Trung tâm Học liệu Trường Đại học Cần Thơ
LEADER 00640nam a2200193Ia 4500
001 CTU_219524
008 210402s9999 xx 000 0 und d
082 |a 621.3815 
082 |b B649 
100 |a Blitzer, Richard 
245 0 |a Basic pulse circuits 
245 0 |c Richard Blitzer 
260 |a New York 
260 |b McGraw-Hill 
260 |c 1964 
520 |a The topics coverred are mainly those which comprise the subject matter taught in the senior term of the electronic technician course at RCA Intitutes. 
650 |a Pulse circuits,Mạch xung 
904 |i Trúc 
980 |a Trung tâm Học liệu Trường Đại học Cần Thơ